| 000 | 00268nam a2200121 i 4500 | ||
|---|---|---|---|
| 001 | bg | ||
| 245 | 0 | _aPrace Studium Nauk Społecznych /4/. | |
| 260 |
_aRzeszów, _c1982. |
||
| 040 | _cBPK | ||
| 041 | _apol | ||
| 942 | _cKS | ||
| 008 | s pl f |000 0 pol | ||
| 999 |
_c21233 _d21233 |
||
| 856 |
_uhttp://koha.tu.koszalin.pl/cgi-bin/koha/opac-detail.pl?biblionumber=21233 _yKatalog online BPK |
||